[Event "Open Liberec 2015"]
[Site "Liberec (CZE)"]
[Date "2015.02.18"]
[Round "6.14"]
[White "Novotny, Jaroslav"]
[Black "Frej, Zofia"]
[Result "0-1"]
[WhiteElo "2022"]
[BlackElo "1804"]
[PlyCount "54"]
[EventDate "2015.02.14"]
[Source "lmi"]
[SourceDate "2015.02.14"]

1. Nf3 d5 2. d4 e6 3. c4 c5 4. e3 Nc6 5. Nc3 Nf6 6. cxd5 exd5 7. Be2 c4 8. Ne5
Bb4 9. Nxc6 bxc6 10. O-O O-O 11. Qa4 Bxc3 12. bxc3 Qc7 13. Ba3 Re8 14. Bf3 Bf5
15. Rfe1 Reb8 16. Bb4 a5 17. Ba3 Re8 18. h3 Re6 19. Rad1 Ne4 20. Qc2 Rg6 21.
Rc1 Bxh3 22. Bxe4 dxe4 23. Qxe4 Rxg2+ 24. Qxg2 Bxg2 25. Kxg2 Qd7 26. Rb1 Qg4+
27. Kf1 h5 0-1

[Event "Open Liberec 2015"]
[Site "Liberec (CZE)"]
[Date "2015.02.18"]
[Round "6.15"]
[White "Hons, Tomas"]
[Black "Siggelkow, Axel"]
[Result "0-1"]
[WhiteElo "1652"]
[BlackElo "1942"]
[PlyCount "58"]
[EventDate "2015.02.14"]
[Source "lmi"]
[SourceDate "2015.02.14"]

1. e4 c5 2. f4 e6 3. Nf3 Nc6 4. Bb5 Nge7 5. O-O a6 6. Bxc6 Nxc6 7. Nc3 Be7 8.
d3 O-O 9. Qe1 b5 10. Qg3 b4 11. Na4 f5 12. e5 d5 13. Be3 d4 14. Bd2 a5 15. b3
Ba6 16. Nb2 Bb5 17. a4 bxa3 18. Rxa3 c4 19. dxc4 Bxa3 20. cxb5 Bxb2 21. bxc6
Qb6 22. Ng5 Qxc6 23. Qh4 h6 24. Rf3 hxg5 25. fxg5 Kf7 26. Qh7 Ra7 27. Qh5+ Ke7
28. b4 Qxc2 29. Be1 Qd1 0-1

[Event "Open Liberec 2015"]
[Site "Liberec (CZE)"]
[Date "2015.02.18"]
[Round "6.16"]
[White "Kabelka, Ondrej"]
[Black "Simon, Petr"]
[Result "1-0"]
[WhiteElo "1923"]
[BlackElo "1742"]
[PlyCount "69"]
[EventDate "2015.02.14"]
[Source "lmi"]
[SourceDate "2015.02.14"]

1. d4 Nf6 2. c4 g6 3. Nc3 Bg7 4. e4 d6 5. Nf3 O-O 6. Be2 Nbd7 7. h3 e5 8. d5 a5
9. Bg5 h6 10. Bh4 Nc5 11. Nd2 Bd7 12. Qc2 Qc8 13. g4 Nh7 14. Rg1 Rb8 15. Nf1 f5
16. gxf5 gxf5 17. Ng3 f4 18. Nh5 Rf7 19. O-O-O Kh8 20. Nxg7 Rxg7 21. Rxg7 Kxg7
22. Rg1+ Kh8 23. Qd1 Qf8 24. Bh5 Be8 25. Bg6 b5 26. cxb5 Bxb5 27. Nxb5 Rxb5 28.
Bxh7 Kxh7 29. Qh5 Nd7 30. Qg6+ Kh8 31. Qe6 f3 32. Qxd7 Qf4+ 33. Kd1 Rxd5+ 34.
exd5 Qd4+ 35. Kc1 1-0

[Event "Open Liberec 2015"]
[Site "Liberec (CZE)"]
[Date "2015.02.18"]
[Round "6.17"]
[White "Ptacek, Tomas"]
[Black "Von Keyserlingk, Chanda"]
[Result "1-0"]
[WhiteElo "2009"]
[BlackElo "1706"]
[PlyCount "63"]
[EventDate "2015.02.14"]
[Source "lmi"]
[SourceDate "2015.02.14"]

1. e4 c5 2. Nf3 d6 3. d4 cxd4 4. Nxd4 Nf6 5. Nc3 g6 6. f3 Bg7 7. Be3 O-O 8. Qd2
Nc6 9. g4 Be6 10. O-O-O Qa5 11. Kb1 Rfc8 12. Nxe6 fxe6 13. Bc4 Kf7 14. Bb3 Ne5
15. g5 Nfd7 16. Bd4 Nc4 17. Qf4+ Kg8 18. Qg4 Nf8 19. Ne2 Nd2+ 20. Rxd2 Qxd2 21.
Bxg7 Kxg7 22. Nf4 Rc5 23. h4 Rac8 24. c3 e5 25. Nd5 Re8 26. h5 Rxd5 27. Bxd5 e6
28. hxg6 exd5 29. gxh7 Kh8 30. g6 Nxg6 31. Qxg6 Rf8 32. Rg1 1-0

[Event "Open Liberec 2015"]
[Site "Liberec (CZE)"]
[Date "2015.02.18"]
[Round "6.19"]
[White "Kopecky, Zdenek"]
[Black "Slechta, Jan"]
[Result "1-0"]
[WhiteElo "1618"]
[BlackElo "1769"]
[PlyCount "105"]
[EventDate "2015.02.14"]
[Source "lmi"]
[SourceDate "2015.02.14"]

1. d4 Nf6 2. c4 e5 3. dxe5 Ng4 4. Nf3 Bc5 5. e3 Nc6 6. Be2 Ngxe5 7. Nxe5 Nxe5
8. O-O O-O 9. Nc3 d6 10. Qc2 f5 11. Na4 Bb6 12. b4 Qh4 13. f4 Ng4 14. Bxg4 fxg4
15. g3 Qh5 16. Nxb6 axb6 17. Bb2 Bd7 18. b5 Rae8 19. Rae1 Rf7 20. Qd3 Rfe7 21.
e4 Qf7 22. f5 Rf8 23. Rf4 h5 24. f6 gxf6 25. Rxf6 Qe8 26. Qd5+ Be6 27. Qg5+ Rg7
28. Rxf8+ Qxf8 29. Qxg7+ Qxg7 30. Bxg7 Kxg7 31. Rc1 Kf6 32. Kf2 Ke5 33. Ke3 Bf7
34. Kd3 c6 35. a4 d5 36. exd5 cxd5 37. Re1+ Kd6 38. cxd5 Bxd5 39. Rf1 Bf3 40.
Kd4 Ke6 41. Re1+ Kf6 42. Re5 Kg6 43. Re6+ Kg5 44. Rxb6 h4 45. gxh4+ Kxh4 46. a5
Kh3 47. Rh6+ Kg2 48. Ke3 Bd5 49. Kd4 Bf3 50. Kc5 Kf2 51. a6 bxa6 52. bxa6 Kg2
53. a7 1-0

[Event "Open Liberec 2015"]
[Site "Liberec (CZE)"]
[Date "2015.02.19"]
[Round "7.1"]
[White "Nosenko, Alexander"]
[Black "Kucera, Petr"]
[Result "1-0"]
[WhiteElo "2525"]
[BlackElo "2252"]
[PlyCount "127"]
[EventDate "2015.02.14"]
[Source "lmi"]
[SourceDate "2015.02.14"]

1. d4 Nf6 2. c4 e6 3. Nf3 d5 4. Nc3 Be7 5. Bg5 O-O 6. e3 h6 7. Bxf6 Bxf6 8. Qd2
b6 9. cxd5 exd5 10. Rc1 Bb7 11. g3 c6 12. Bg2 Ba6 13. Ne2 Qd6 14. O-O Nd7 15.
Rfd1 Be7 16. Ne5 Nxe5 17. dxe5 Qxe5 18. Nd4 c5 19. Nc6 Qf6 20. Qxd5 Rfe8 21. e4
Bf8 22. e5 Qf5 23. Be4 Qc8 24. Nb4 Rb8 25. Bg6 Re6 26. Nxa6 Qxa6 27. Bf5 Ree8
28. e6 fxe6 29. Bxe6+ Kh8 30. Bd7 Red8 31. Qf5 b5 32. Rc2 Qf6 33. Qg4 Rb6 34.
Rcd2 a6 35. Bf5 Rbd6 36. Rxd6 Rxd6 37. Rxd6 Qxd6 38. Bc2 Be7 39. Qc8+ Bd8 40.
Qf5 Kg8 41. h4 Bc7 42. Be4 Qf6 43. Qxc5 Bb6 44. Qc2 Kf8 45. Kg2 Ke7 46. b3 Kf8
47. h5 Ke7 48. f4 Qd4 49. Bf3 Bc5 50. Kh3 Kd8 51. Qg6 Bb6 52. Bg4 a5 53. Qe6 b4
54. Bf5 Kc7 55. Qf7+ Kd8 56. Qe6 Bc5 57. Qg6 Ke7 58. Be6 Kd8 59. Bc4 Bd6 60. f5
Qe5 61. Qg4 Bc7 62. Bd3 Ke7 63. Be4 Qd6 64. Qxg7+ 1-0

[Event "Open Liberec 2015"]
[Site "Liberec (CZE)"]
[Date "2015.02.19"]
[Round "7.2"]
[White "Chudinovskikh, Alexander M"]
[Black "Nagy, Gabor"]
[Result "0-1"]
[WhiteElo "2264"]
[BlackElo "2391"]
[PlyCount "126"]
[EventDate "2015.02.14"]
[Source "lmi"]
[SourceDate "2015.02.14"]

1. d4 Nf6 2. Nf3 g6 3. g3 Bg7 4. Bg2 O-O 5. O-O c5 6. c4 cxd4 7. Nxd4 Nc6 8.
Nc3 Qa5 9. Nb3 Qh5 10. Bf3 Ng4 11. h4 Bxc3 12. bxc3 Nce5 13. c5 Nxf3+ 14. exf3
Ne5 15. Bf4 Nxf3+ 16. Kg2 d6 17. Nd4 Nxh4+ 18. gxh4 Qxh4 19. Bg3 Qh3+ 20. Kg1
Bg4 21. Qd3 dxc5 22. Ne2 e5 23. f3 Bh5 24. Rf2 Rfe8 25. Rd1 e4 26. fxe4 Bxe2
27. Rxe2 Rad8 28. Bd6 Qg4+ 29. Rg2 Qxe4 30. Qxe4 Rxe4 31. Rgd2 b6 32. Kf2 h5
33. Kf3 f5 34. Bf4 Rxd2 35. Rxd2 Rc4 36. Be5 Kf7 37. Rd6 Rg4 38. Bh2 h4 39. Bf4
g5 40. Be5 Ke7 41. Rf6 Ra4 42. Rxf5 g4+ 43. Ke3 Rxa2 44. Rh5 h3 45. Kf4 Rg2 46.
Kf5 Kd7 47. c4 Rf2+ 48. Ke4 Re2+ 49. Kd5 Rd2+ 50. Ke4 Kc6 51. Rh7 Rd7 52. Rh6+
Kb7 53. Rh4 Ka6 54. Bg3 Rd1 55. Be5 g3 56. Bxg3 Rd4+ 57. Kf3 Rxh4 58. Bxh4 Ka5
59. Bg3 Kb4 60. Bb8 a5 61. Bc7 a4 62. Bxb6 a3 63. Bc7 a2 0-1

[Event "Open Liberec 2015"]
[Site "Liberec (CZE)"]
[Date "2015.02.19"]
[Round "7.3"]
[White "Plischki, Sebastian"]
[Black "Vlasak, Lukas"]
[Result "1-0"]
[WhiteElo "2386"]
[BlackElo "2353"]
[PlyCount "61"]
[EventDate "2015.02.14"]
[Source "lmi"]
[SourceDate "2015.02.14"]

1. d4 Nf6 2. c4 e6 3. g3 Bb4+ 4. Bd2 Qe7 5. Nf3 O-O 6. Bg2 Bxd2+ 7. Qxd2 d5 8.
O-O b6 9. cxd5 exd5 10. Nc3 Bb7 11. Rac1 Na6 12. Qf4 Rfd8 13. Rfd1 c5 14. dxc5
bxc5 15. Nh4 g6 16. Qg5 Qe6 17. Rd3 Kg7 18. Re3 h6 19. Qxg6+ fxg6 20. Rxe6 Kf7
21. Re5 Rab8 22. Bh3 Nd7 23. Re6 Nf6 24. Nf3 Re8 25. Ne5+ Kg7 26. Rxe8 Rxe8 27.
f4 g5 28. Bg2 Re7 29. Na4 c4 30. e3 Nd7 31. Nxc4 1-0

[Event "Open Liberec 2015"]
[Site "Liberec (CZE)"]
[Date "2015.02.19"]
[Round "7.4"]
[White "Roeder, Matthias"]
[Black "Balinski, Damian"]
[Result "1-0"]
[WhiteElo "2414"]
[BlackElo "2156"]
[PlyCount "107"]
[EventDate "2015.02.14"]
[Source "lmi"]
[SourceDate "2015.02.14"]

1. Nf3 Nf6 2. c4 g6 3. Nc3 Bg7 4. e4 d6 5. d4 O-O 6. Be2 Na6 7. O-O e5 8. Be3
Ng4 9. Bg5 Qe8 10. h3 f6 11. Bc1 Nh6 12. dxe5 dxe5 13. Be3 Nf7 14. b4 f5 15. b5
f4 16. Bc1 Nc5 17. Ba3 b6 18. Bxc5 bxc5 19. Qd5 Be6 20. Qxc5 g5 21. Nd5 h5 22.
Nd2 Bxd5 23. cxd5 g4 24. hxg4 Ng5 25. Qc6 Qd8 26. Rfc1 Rc8 27. Qg6 h4 28. Rc6
Rf7 29. Rac1 h3 30. Nf3 Nxf3+ 31. Bxf3 Qh4 32. R1c2 Rb8 33. Rxc7 h2+ 34. Kh1
Rbf8 35. Rxf7 Rxf7 36. Rc8+ Rf8 37. Rc7 Qf6 38. Qxf6 Bxf6 39. Kxh2 Bh4 40. Kg1
Rb8 41. a4 a6 42. Be2 axb5 43. Bxb5 Kf8 44. Kf1 Rb6 45. Rc6 Rxc6 46. Bxc6 Bd8
47. Ke2 Ke7 48. g5 Kf7 49. Kf3 Bxg5 50. a5 Bd8 51. a6 Bb6 52. g3 fxg3 53. fxg3
Ke7 54. Kg4 1-0

[Event "Open Liberec 2015"]
[Site "Liberec (CZE)"]
[Date "2015.02.19"]
[Round "7.5"]
[White "Simek, Petr"]
[Black "Bartos, Jan"]
[Result "1-0"]
[WhiteElo "2383"]
[BlackElo "2195"]
[PlyCount "53"]
[EventDate "2015.02.14"]
[Source "lmi"]
[SourceDate "2015.02.14"]

1. d4 Nf6 2. c4 e6 3. g3 Bb4+ 4. Bd2 a5 5. Bg2 d5 6. Nf3 dxc4 7. O-O Nc6 8. Bg5
h6 9. Bxf6 Qxf6 10. a3 Bd6 11. Nc3 O-O 12. Rc1 e5 13. d5 Na7 14. Qa4 Qe7 15.
Qxa5 Bd7 16. Ne4 b5 17. Nxd6 cxd6 18. a4 Rfc8 19. axb5 Bxb5 20. Rc3 Qb7 21. Qb4
Bc6 22. Qxb7 Bxb7 23. Nd2 Ba6 24. Ra1 Bb5 25. Ne4 Rd8 26. Rca3 f5 27. Nc3 1-0

[Event "Open Liberec 2015"]
[Site "Liberec (CZE)"]
[Date "2015.02.19"]
[Round "7.6"]
[White "Paldus, Petr"]
[Black "Halak, Miklos"]
[Result "0-1"]
[WhiteElo "2024"]
[BlackElo "2241"]
[PlyCount "102"]
[EventDate "2015.02.14"]
[Source "lmi"]
[SourceDate "2015.02.14"]

1. e4 d6 2. d4 g6 3. Nc3 Bg7 4. Be3 a6 5. Qd2 b5 6. a3 Nd7 7. f3 Ngf6 8. Bh6
Bxh6 9. Qxh6 c5 10. d5 Qa5 11. Qd2 Ne5 12. Be2 Rb8 13. b3 h5 14. f4 Neg4 15. h3
Nf2 16. Rh2 c4 17. b4 Qb6 18. Nf3 N2xe4 19. Nxe4 Nxe4 20. Qd4 Qxd4 21. Nxd4 h4
22. Bf3 Ng3 23. Ne2 Bf5 24. c3 Be4 25. Kf2 Bxf3 26. Kxf3 Nxe2 27. Kxe2 Rh5 28.
Rd1 Rf5 29. Kf3 g5 30. Rd4 Kd7 31. Kg4 Rxf4+ 32. Kxg5 Rxd4 33. cxd4 Rh8 34. Rh1
Rg8+ 35. Kxh4 Rxg2 36. Kh5 Rd2 37. Kh6 Rxd4 38. h4 Rg4 39. h5 e6 40. dxe6+ fxe6
41. Kh7 d5 42. h6 d4 43. Kh8 c3 44. h7 c2 45. a4 Rh4 46. Rxh4 c1=Q 47. Rxd4+
Ke7 48. Rg4 Qc3+ 49. Kg8 Qc8+ 50. Kg7 Qf8+ 51. Kg6 Qf5+ 0-1

[Event "Open Liberec 2015"]
[Site "Liberec (CZE)"]
[Date "2015.02.19"]
[Round "7.7"]
[White "Moncayo Romero, Evelyn"]
[Black "Liska-Jun., Jiri"]
[Result "1-0"]
[WhiteElo "2080"]
[BlackElo "1985"]
[PlyCount "57"]
[EventDate "2015.02.14"]
[Source "lmi"]
[SourceDate "2015.02.14"]

1. e4 Nf6 2. e5 Nd5 3. d4 d6 4. Nf3 Nc6 5. c4 Nb6 6. e6 fxe6 7. Be3 g6 8. h4 e5
9. d5 Nb4 10. a3 Na6 11. h5 Bf5 12. hxg6 Bxg6 13. Ng5 Qd7 14. Nc3 O-O-O 15. Ne6
Re8 16. Be2 h5 17. Bg4 hxg4 18. Rxh8 Bg7 19. Rxe8+ Qxe8 20. Qxg4 Kb8 21. Nxg7
Qh8 22. O-O-O Qxg7 23. Rh1 Nc5 24. Bxc5 dxc5 25. Qg5 Qf7 26. Rh8+ Nc8 27. f3 b6
28. Qxe5 Kb7 29. d6 1-0

[Event "Open Liberec 2015"]
[Site "Liberec (CZE)"]
[Date "2015.02.19"]
[Round "7.8"]
[White "Domanski, Lukasz"]
[Black "Cakl, Zdenek"]
[Result "1-0"]
[WhiteElo "1821"]
[BlackElo "2060"]
[PlyCount "65"]
[EventDate "2015.02.14"]
[Source "lmi"]
[SourceDate "2015.02.14"]

1. e4 c5 2. Nf3 d6 3. d4 cxd4 4. Qxd4 Bd7 5. Bg5 Nc6 6. Qd2 h6 7. Be3 Nf6 8.
Nc3 a6 9. O-O-O e6 10. Rg1 b5 11. Bd3 Rc8 12. g4 Nb4 13. Kb1 Qa5 14. g5 hxg5
15. Bxg5 Be7 16. Bxf6 gxf6 17. Nd4 Rxc3 18. Qxc3 Qxa2+ 19. Kc1 Bf8 20. Ne2 Qa4
21. Kd2 Rxh2 22. Qxf6 Nxd3 23. cxd3 Qa5+ 24. Kc2 b4 25. Rg8 Qc5+ 26. Kd2 Rxf2
27. Qg7 d5 28. Rh1 Rxe2+ 29. Kxe2 Qc2+ 30. Ke3 d4+ 31. Qxd4 f5 32. Rxf8+ Kxf8
33. Rh8+ 1-0

[Event "Open Liberec 2015"]
[Site "Liberec (CZE)"]
[Date "2015.02.19"]
[Round "7.9"]
[White "Vaclavicek, Lukas"]
[Black "Baum, Jonasz"]
[Result "1-0"]
[WhiteElo "2010"]
[BlackElo "1893"]
[PlyCount "41"]
[EventDate "2015.02.14"]
[Source "lmi"]
[SourceDate "2015.02.14"]

1. e4 c5 2. Nf3 e6 3. d4 cxd4 4. Nxd4 a6 5. Nc3 Qc7 6. Be2 Nf6 7. O-O Bb4 8.
Qd3 b6 9. f4 Bb7 10. Bf3 d5 11. exd5 Bxc3 12. bxc3 Bxd5 13. Bxd5 Nxd5 14. f5 e5
15. Qe4 Qxc3 16. Qxe5+ Ne7 17. Re1 O-O 18. Qxe7 Qxd4+ 19. Be3 Qd5 20. Rad1 Nc6
21. Qxf8+ 1-0

[Event "Open Liberec 2015"]
[Site "Liberec (CZE)"]
[Date "2015.02.19"]
[Round "7.10"]
[White "Vorontsov, Gennadiy"]
[Black "Kuba, Stanislav"]
[Result "1-0"]
[WhiteElo "1727"]
[BlackElo "2164"]
[PlyCount "101"]
[EventDate "2015.02.14"]
[Source "lmi"]
[SourceDate "2015.02.14"]

1. e4 g6 2. d4 Bg7 3. Nc3 d6 4. f4 Nf6 5. Nf3 c6 6. Bd3 b5 7. e5 Ng4 8. h3 Nh6
9. Be3 Bf5 10. g4 Bxd3 11. Qxd3 d5 12. a4 b4 13. Ne2 f5 14. g5 Nf7 15. h4 e6
16. h5 Bf8 17. Nd2 a5 18. Nb3 Nd7 19. c4 bxc3 20. bxc3 Nb6 21. Kf2 Rg8 22. Ng3
Nc4 23. Nd2 Nxd2 24. Qxd2 Qb6 25. Rab1 Qa7 26. Qb2 Nd8 27. Qb3 Rg7 28. hxg6
hxg6 29. Qb6 Rb7 30. Qxa7 Raxa7 31. Ke2 Rxb1 32. Rxb1 Rb7 33. Rxb7 Nxb7 34. Kd3
Kd7 35. Ne2 c5 36. c4 Kc6 37. Nc3 cxd4 38. cxd5+ exd5 39. Bxd4 Bc5 40. Nb5 Nd8
41. Bxc5 Kxc5 42. Nd4 Kb4 43. e6 Nb7 44. Nc6+ Kxa4 45. e7 Nd6 46. Kd4 Kb5 47.
Nxa5 Kxa5 48. Kxd5 Ne8 49. Ke6 Kb6 50. Kd7 Ng7 51. e8=Q 1-0

[Event "Open Liberec 2015"]
[Site "Liberec (CZE)"]
[Date "2015.02.19"]
[Round "7.11"]
[White "Stojkovic, Andreja"]
[Black "Paszewski, Mateusz"]
[Result "0-1"]
[WhiteElo "1919"]
[BlackElo "2209"]
[PlyCount "112"]
[EventDate "2015.02.14"]
[Source "lmi"]
[SourceDate "2015.02.14"]

1. e4 c5 2. Na3 g6 3. h4 h5 4. c3 Bg7 5. Nh3 d5 6. Bb5+ Kf8 7. d3 Bf6 8. Ng5 a6
9. Ba4 b5 10. Bb3 Bb7 11. exd5 Bxd5 12. Bxd5 Qxd5 13. Qf3 Qxf3 14. Nxf3 Nh6 15.
Bxh6+ Rxh6 16. O-O Nc6 17. Nc2 Kg7 18. Rfe1 Rhh8 19. Re4 Rhd8 20. d4 cxd4 21.
Ncxd4 Nxd4 22. Nxd4 Bxd4 23. Rxd4 Rxd4 24. cxd4 Rc8 25. Re1 e6 26. Re2 Rc1+ 27.
Kh2 Rd1 28. g3 Rxd4 29. Kg2 Kf6 30. f4 Ke7 31. Kf2 Rd3 32. Rc2 Kd6 33. Re2 f6
34. Kg2 b4 35. Kf2 a5 36. Kg2 e5 37. fxe5+ fxe5 38. Rf2 Ke6 39. Re2 Kd5 40. Kf2
Kd4 41. b3 e4 42. Kg2 Rd1 43. Rc2 Kd3 44. Rc6 Rd2+ 45. Kf1 Rxa2 46. Rd6+ Ke3
47. Rxg6 Kf3 48. Rf6+ Kxg3 49. Rf5 Kxh4 50. Rf4+ Kg3 51. Rxe4 Kf3 52. Re1 Rb2
53. Kg1 Rxb3 54. Re5 Rb1+ 55. Kh2 a4 56. Rxh5 a3 0-1

[Event "Open Liberec 2015"]
[Site "Liberec (CZE)"]
[Date "2015.02.19"]
[Round "7.13"]
[White "Hiller, Wieland"]
[Black "Wasik, Jozef"]
[Result "1/2-1/2"]
[WhiteElo "1954"]
[BlackElo "1834"]
[PlyCount "53"]
[EventDate "2015.02.14"]
[Source "lmi"]
[SourceDate "2015.02.14"]

1. e4 c6 2. d4 d5 3. Nd2 dxe4 4. Nxe4 Nd7 5. Nf3 Ngf6 6. Ng3 e6 7. Be2 Bd6 8.
O-O Qc7 9. c4 b6 10. Re1 Bb7 11. a3 a5 12. Bd2 O-O 13. Bd3 Rfe8 14. Bc3 c5 15.
b3 h5 16. Ne4 Nxe4 17. Bxe4 Bxe4 18. Rxe4 Nf6 19. Re1 cxd4 20. Qxd4 Rad8 21.
Qh4 e5 22. Ng5 g6 23. h3 Qd7 24. Rad1 Qf5 25. Ne4 Nxe4 26. Qxe4 Qxe4 27. Rxe4
1/2-1/2

[Event "Open Liberec 2015"]
[Site "Liberec (CZE)"]
[Date "2015.02.19"]
[Round "7.14"]
[White "Janous, Petr"]
[Black "Jina, Lubos"]
[Result "1-0"]
[WhiteElo "1908"]
[BlackElo "1773"]
[PlyCount "87"]
[EventDate "2015.02.14"]
[Source "lmi"]
[SourceDate "2015.02.14"]

1. e4 c5 2. b3 Nc6 3. Bb2 e5 4. Bc4 Nf6 5. Nc3 a6 6. a4 d6 7. Nge2 Be6 8. d3
Be7 9. O-O O-O 10. h3 Qd7 11. f4 Bxh3 12. gxh3 Qxh3 13. Qe1 Nh5 14. Qf2 Bh4 15.
Qf3 Bg3 16. Qg2 Qh4 17. Nd5 Nd4 18. Bxd4 cxd4 19. Nxg3 Nxg3 20. Rf3 exf4 21.
Nxf4 Nh5 22. Nxh5 Qxh5 23. Raf1 Qh6 24. Rxf7 Rxf7 25. Rxf7 Kh8 26. Qf2 Qc1+ 27.
Kg2 Qg5+ 28. Qg3 Qd2+ 29. Rf2 Qc1 30. Qf4 Qxf4 31. Rxf4 g5 32. Rf5 h6 33. Rf6
Kg7 34. Rxd6 b5 35. axb5 axb5 36. Bxb5 Ra5 37. Ba4 Ra8 38. Rxd4 Kg6 39. Kg3 h5
40. Rd6+ Kg7 41. e5 Kh7 42. Bd7 Kg7 43. Bf5 h4+ 44. Kh3 1-0

[Event "Open Liberec 2015"]
[Site "Liberec (CZE)"]
[Date "2015.02.19"]
[Round "7.15"]
[White "Masek, Stanislav"]
[Black "Cejp, Jaroslav"]
[Result "0-1"]
[WhiteElo "1515"]
[BlackElo "1749"]
[PlyCount "64"]
[EventDate "2015.02.14"]
[Source "lmi"]
[SourceDate "2015.02.14"]

1. e4 e6 2. d4 d5 3. Nc3 Bb4 4. e5 c5 5. a3 Bxc3+ 6. bxc3 Qc7 7. Bb5+ Nc6 8.
Qg4 f5 9. exf6 Nxf6 10. Qe2 O-O 11. Bxc6 Qxc6 12. Nf3 cxd4 13. c4 Qb6 14. Ne5
Bd7 15. Bg5 Ba4 16. Bxf6 Qa5+ 17. Qd2 Qxd2+ 18. Kxd2 gxf6 19. Nd3 Rac8 20. c5
Bc6 21. f4 Kf7 22. Rhe1 Rc7 23. Rab1 a6 24. Rb4 Bb5 25. a4 Bxd3 26. Kxd3 Rfc8
27. Kxd4 Rxc5 28. Rxb7+ R8c7 29. Rxc7+ Rxc7 30. Kd3 Rc4 31. g3 Rxa4 32. Rb1 e5
0-1

[Event "Open Liberec 2015"]
[Site "Liberec (CZE)"]
[Date "2015.02.19"]
[Round "7.16"]
[White "Simon, Petr"]
[Black "Hons, Tomas"]
[Result "0-1"]
[WhiteElo "1742"]
[BlackElo "1652"]
[PlyCount "84"]
[EventDate "2015.02.14"]
[Source "lmi"]
[SourceDate "2015.02.14"]

1. e4 e5 2. Nf3 Nc6 3. Bb5 a6 4. Ba4 Nf6 5. d3 b5 6. Bb3 h6 7. c3 Bc5 8. h3 d6
9. O-O O-O 10. Re1 Bb7 11. Bc2 Re8 12. Nbd2 d5 13. exd5 Qxd5 14. Ne4 Nxe4 15.
dxe4 Qe6 16. Be3 Rad8 17. Qc1 Bxe3 18. Qxe3 Na5 19. b3 Rd6 20. Rad1 Red8 21.
Rxd6 Rxd6 22. Rd1 Rxd1+ 23. Bxd1 Qd6 24. Bc2 Nc6 25. Qd3 Qxd3 26. Bxd3 f6 27.
Nd2 b4 28. cxb4 Nxb4 29. Bc4+ Kf8 30. a3 Nc2 31. a4 a5 32. f3 Ke7 33. Kf2 Kd6
34. Bd3 Nb4 35. Bc4 Kc5 36. Ke2 Kd4 37. Nb1 Nc2 38. Kf2 Bc6 39. Be6 Kc5 40. Ke2
Kb4 41. Nd2 Nd4+ 42. Kd3 Nxe6 0-1

[Event "Open Liberec 2015"]
[Site "Liberec (CZE)"]
[Date "2015.02.19"]
[Round "7.17"]
[White "Vetter, Udo"]
[Black "Zitek, Jiri"]
[Result "0-1"]
[WhiteElo "1616"]
[BlackElo "1723"]
[PlyCount "96"]
[EventDate "2015.02.14"]
[Source "lmi"]
[SourceDate "2015.02.14"]

1. c4 Nf6 2. Nc3 d6 3. g3 c6 4. Bg2 g6 5. d4 Bg7 6. e4 O-O 7. Nge2 Nbd7 8. O-O
Nb6 9. b3 Bg4 10. f3 Be6 11. Be3 Qc8 12. Nf4 Rd8 13. Rc1 Ne8 14. Qe2 Qc7 15. c5
Nd7 16. d5 cxd5 17. exd5 Bf5 18. g4 g5 19. gxf5 gxf4 20. Bxf4 Qxc5+ 21. Be3 Qa5
22. Qd2 Nef6 23. Rfe1 Rac8 24. Red1 Nb6 25. Bxb6 Qxb6+ 26. Kh1 Rc7 27. Na4 Rxc1
28. Rxc1 Qb5 29. Bf1 Qxd5 30. Qxd5 Nxd5 31. Bc4 Ne3 32. Bd3 a6 33. Rc7 b5 34.
Nb6 Bd4 35. Nd7 Nd5 36. Rb7 Nb4 37. Bb1 Rc8 38. Rb8 Rxb8 39. Nxb8 Ba7 40. a3
Bxb8 41. axb4 h6 42. Be4 Kg7 43. Kg2 Kf6 44. h4 Ke5 45. Kf2 d5 46. Bc2 Bd6 47.
Ke3 d4+ 48. Kd3 Bxb4 0-1

[Event "Open Liberec 2015"]
[Site "Liberec (CZE)"]
[Date "2015.02.19"]
[Round "7.18"]
[White "Von Keyserlingk, Chanda"]
[Black "Mach, Michal"]
[Result "1-0"]
[WhiteElo "1706"]
[BlackElo "1558"]
[PlyCount "73"]
[EventDate "2015.02.14"]
[Source "lmi"]
[SourceDate "2015.02.14"]

1. d4 Nf6 2. c4 e5 3. dxe5 Ng4 4. Nf3 Bc5 5. e3 Nc6 6. Nc3 Ngxe5 7. Nxe5 Nxe5
8. Be2 d6 9. a3 a5 10. O-O O-O 11. Kh1 Be6 12. b3 f5 13. Nd5 c6 14. Nf4 Bf7 15.
Bb2 Ng6 16. Nh5 Ne5 17. Nf4 Ng6 18. Nd3 Bb6 19. Qc2 d5 20. c5 Bc7 21. Qc3 d4
22. exd4 Qh4 23. h3 Bd5 24. Ne1 Qxh3+ 25. Qxh3 Nf4 26. Qh2 Rf6 27. Bf3 Rh6 28.
Bxd5+ cxd5 29. Qxh6 gxh6 30. g3 Ne2 31. Kg2 Re8 32. Rh1 f4 33. g4 f3+ 34. Nxf3
Nf4+ 35. Kg1 Rf8 36. Rd1 Ng6 37. Ne5 1-0

[Event "Open Liberec 2015"]
[Site "Liberec (CZE)"]
[Date "2015.02.20"]
[Round "8.1"]
[White "Nagy, Gabor"]
[Black "Nosenko, Alexander"]
[Result "0-1"]
[WhiteElo "2391"]
[BlackElo "2525"]
[PlyCount "116"]
[EventDate "2015.02.14"]
[Source "lmi"]
[SourceDate "2015.02.14"]

1. e4 g6 2. d4 Bg7 3. Nc3 d6 4. Nf3 c6 5. Be2 b5 6. a3 a6 7. O-O Nd7 8. Be3 Qc7
9. Qd2 Ngf6 10. h3 O-O 11. b4 Bb7 12. Rfd1 Rfd8 13. Bh6 c5 14. Bxg7 Kxg7 15.
bxc5 dxc5 16. e5 Nxe5 17. dxe5 Rxd2 18. exf6+ Kxf6 19. Rxd2 Rd8 20. Rxd8 Qxd8
21. Nd1 Qa5 22. Kf1 e5 23. Ne1 e4 24. c3 Bc8 25. Bg4 Bxg4 26. hxg4 Qa4 27. Ne3
b4 28. c4 a5 29. Ke2 Qb3 30. axb4 Qb2+ 31. N1c2 cxb4 32. Rxa5 b3 33. g5+ Kg7
34. Kd2 bxc2 35. Nxc2 Qb6 36. Rd5 Qxf2+ 37. Kc3 Qg3+ 38. Kb4 Qf2 39. Nd4 Qb2+
40. Kc5 h6 41. Kd6 e3 42. c5 e2 43. gxh6+ Kxh6 44. Nxe2 Qxe2 45. c6 Qe6+ 46.
Kc5 Qe7+ 47. Kb6 Qe6 48. Kc5 Qc8 49. Rd7 f5 50. Kd6 Qa6 51. Rf7 Kg5 52. Kd7
Qd3+ 53. Kc7 f4 54. Rd7 Qa6 55. Rd5+ Kg4 56. Kd7 f3 57. c7 f2 58. Rd6 f1=Q 0-1

[Event "Open Liberec 2015"]
[Site "Liberec (CZE)"]
[Date "2015.02.20"]
[Round "8.2"]
[White "Dambrauskas, Virginijus"]
[Black "Plischki, Sebastian"]
[Result "1/2-1/2"]
[WhiteElo "2312"]
[BlackElo "2386"]
[PlyCount "51"]
[EventDate "2015.02.14"]
[Source "lmi"]
[SourceDate "2015.02.14"]

1. d4 Nf6 2. c4 g6 3. Nc3 d5 4. e3 Bg7 5. Qb3 dxc4 6. Bxc4 O-O 7. Nf3 c5 8.
dxc5 Nc6 9. Qa3 Bg4 10. Be2 Nd5 11. Nxd5 Qxd5 12. h3 Be6 13. Bd2 Rfc8 14. Bc3
Bxc3+ 15. Qxc3 Nd8 16. O-O Rxc5 17. Qa3 Nc6 18. Rfd1 Ra5 19. Rxd5 Rxa3 20. Rb5
Rxa2 21. Rxa2 Bxa2 22. Rxb7 Rb8 23. Rxb8+ Nxb8 24. Bb5 f6 25. Nd2 Bd5 26. f4
1/2-1/2

[Event "Open Liberec 2015"]
[Site "Liberec (CZE)"]
[Date "2015.02.20"]
[Round "8.3"]
[White "Halak, Miklos"]
[Black "Simek, Petr"]
[Result "1/2-1/2"]
[WhiteElo "2241"]
[BlackElo "2383"]
[PlyCount "105"]
[EventDate "2015.02.14"]
[Source "lmi"]
[SourceDate "2015.02.14"]

1. e4 c5 2. c3 Nf6 3. e5 Nd5 4. d4 cxd4 5. Nf3 Nc6 6. cxd4 d6 7. Bc4 dxe5 8.
Nxe5 e6 9. O-O Bd6 10. Nxc6 bxc6 11. Nc3 Nb6 12. Bb3 O-O 13. Be3 Ba6 14. Re1
Rb8 15. Qg4 Bd3 16. Rac1 Kh8 17. Qf3 Nd5 18. Bd2 Bg6 19. g3 Be7 20. h4 h6 21.
Ne2 Qb6 22. Nf4 Nxf4 23. Bxf4 Rbc8 24. Be5 h5 25. Rc4 f6 26. Bf4 Bf7 27. Be3
Qb5 28. Rec1 e5 29. Rxc6 Rxc6 30. Qxc6 Qxc6 31. Rxc6 Bxb3 32. axb3 exd4 33.
Bxd4 a5 34. Bc5 Bxc5 35. Rxc5 g6 36. Rxa5 Rb8 37. Ra3 Kg7 38. Kf1 g5 39. hxg5
fxg5 40. Kg2 Kf6 41. Ra6+ Kf5 42. Ra5+ Kg6 43. Ra6+ Kf5 44. Ra3 Rb7 45. f3 Rb4
46. Kh3 Rb8 47. Ra5+ Kg6 48. Ra6+ Kf5 49. Ra3 Rb7 50. Kg2 Rb4 51. Ra5+ Kg6 52.
Ra6+ Kf5 53. Ra3 1/2-1/2